000 00549cas a22002177a 4500
001 110855
003 UA-OsUOA
005 20210416134833.0
007 ta
008 201504c5b un ||un r|n| 00| 0 ukrcdukr d
040 _aUA-OsUOA
_bukr
_cUA-OsUOA
_dUA-OsUOA
041 _aukr
044 _aUA
080 _a32
090 _a32
_bВ67
245 _aВолинь нова
_byезалежна громадсько-політична газета
260 _aЛуцьк
650 7 _a32 Політика
_2UDC
942 _cNP
_2udc
955 _a3
999 _c354425
_d354425